Jakie kraje mają najwięcej tenisistek w TOP 100 WTA - Statystyki

Ogólne statystyki
  • Ten quiz został rozwiązany 1 052 razy
  • Średni wynik to 24 z 33
Statystyki odpowiedzi
Liczba tenisistek Kraj % Poprawnych
2 Polska
99%
11 USA
98%
12 Rosja
96%
3 Hiszpania
94%
6 Niemcy
93%
5 Francja
92%
5 Chiny
89%
1 Japonia
89%
2 Kanada
88%
6 Czechy
87%
1 Włochy
86%
4 Ukraina
85%
2 Wielka Brytania
84%
5 Australia
82%
4 Białoruś
79%
3 Słowacja
79%
2 Szwecja
79%
1 Grecja
76%
2 Szwajcaria
74%
3 Belgia
72%
1 Dania
71%
1 Holandia
71%
4 Rumunia
69%
2 Chorwacja
67%
1 Serbia
67%
2 Słowenia
65%
2 Łotwa
61%
2 Estonia
55%
1 Kazachstan
50%
1 Tunezja
38%
1 Tajlandia
19%
1 Tajwan
17%
1 Puerto Rico
3%
Nie znaleziono quizów pasujących do podanych kryteriów
Rozkład punktacji
Procent ludzi z każdym wynikiem
Percentyl według liczby udzielonych odpowiedzi
Twoja historia wyników
Nie rozwiązałeś tego quizu